000 00488nam a2200181Ia 4500
001 25119
005 20260414151128.0
008 260414t2014||||xx |||||||||||||| ||spa||
041 _aESP
082 _a346.21
_bC25
100 _aCanales Torres, Claudia
_eAUT
245 0 _aPatria potestad y tenencia :
_bnuevos criterios de otorgamiento, pérdida o suspensión
260 _c2014
300 _a199 páginas :
_c24 cm.
650 _aDER
654 _aCDE
942 _cLIB
_dJUS
_fJUS
_2ddc
_n
999 _c25119
_d25119